000 00612nam a2200229Ia 4500
003 OSt
005 20220924132938.0
006 a|||||r|||| 00| 0
007 ta
008 220923b |||||||| |||| 00| 0 ben d
024 _a253953
037 _cTextual
040 _aARTS
_cARTS
_bben
041 _2ben
_aben
082 _aM143:(P157)v'N, 157M1
100 _aBandhopaddhayay
_9205324
245 0 _aDui sataker bangla mudran oprakashan
260 _c1981
650 _aBENGALI LITERATURE
942 _hM143:(P157)v'N, 157M1
_cTEXL
_2CC
999 _c432082
_d432082